| 000 | 00552nam a2200193Ia 4500 | ||
|---|---|---|---|
| 999 |
_c34965 _d34965 |
||
| 003 | OSt | ||
| 005 | 20200205135043.0 | ||
| 008 | 190216s9999||||xx |||||||||||||| ||und|| | ||
| 020 | _a0955020700 | ||
| 040 | _coclc | ||
| 082 |
_a320.54 _bHAR/Z |
||
| 100 |
_aHart, Alan _91682 |
||
| 245 | 0 |
_aZionism The Real Enemy Of The Jews Vol I & Vol II/ _cAlan Hart |
|
| 260 |
_bCamel Books, _c2007. _aCalicut: |
||
| 300 | _a714, 540p | ||
| 500 | _aVol I & Vol II | ||
| 650 | _aPolitics | ||
| 942 |
_cBK _2ddc _h320.54 _iHAR/Z _k320.54 _mHAR/Z |
||